000 00789nam a2200205 a 4500
003 0
005 20250310112933.0
008 080730s19uu xx 00 eng d
050 _aPGS LB 2332.3
_b.K49 2008
100 _aKim, Jong Chan.
245 _aAcademic awards and learning motivation /
_cJong Chan Kim.
260 _aLas PiƱas City, Philippines :
_bSouthville International School and Colleges,
_c2008.
300 _a38 pages :
_billustrations ;
_c28 cm.
504 _aIncludes bibliographical references.
650 _aMotivation in education
_vElementary school students.
650 _aAcademic achievement
_v Motivational aspects.
650 _aAwards
_vEffect on student motivation.
650 _aEducational psychology
_vAchievement motivation.
942 _2lcc
_cPASS
999 _c98003
_d98003